Quizzes
Events
Quiz Creation
Community
Videos
Private Events
Remove Ads
Sign In
Join for FREE
Feedback
Dark Mode
Quiz Categories
Sports
Geography
Music
Movies
Television
Just For Fun
Miscellaneous
History
Literature
Language
Science
Gaming
Entertainment
Religion
Holiday
For Kids
Quiz Lab
Recent
Popular Today
Quiz Kudos Today
Editor Picks
Curator Picks
Quizzes by...
Day
Popularity
Type
Ratings
Length
Year
Community
Subscriptions
Recent Discussions
Orange Saloon
Badges
Playlists
Quests
Create
Leaderboards
Showdown
Live 5
Trivia Bingo
Activity
Puzzle Library
Sporcle Events
Private Events
Virtual Trivia
Globe League
Become a Host
Pub Owners
SporcleCon
Opinionation
Our Games
Videos
Blog
Mobile Apps
Partnerships
Remove Ads and Go Orange
Feedback
Movies
Disney
Marvel Cinematic Universe
Movie Resume
Movie Titles
Oscar
Actor
Actress
Director
Pixar
Role
Movie Quotes
Movie Characters
Box Office
Nominee
Best Picture
Star Wars
James Bond
Horror Movies
Movies
Disney
Marvel Cinematic Universe
Movie Resume
Movie Titles
Oscar
Actor
Actress
Director
Pixar
Role
Movie Quotes
Movie Characters
Box Office
Nominee
Best Picture
Star Wars
James Bond
Horror Movies
Random Quiz
Search Sporcle
×
Quiz Lab
Quiz Lab
Movies
Notable
Type in answers that appear in a list
Type in answers that appear in a list
Classic
Best Score? Go Orange.
MTV Movie Awards- Best Movie Stats
Can you name the MTV Movie Awards- Best Movie?
By
gaw
10m
22 Questions
628 Plays
628 Plays
628 Plays
Comments
Comments
Give Quiz Kudos
Give Quiz Kudos
-
- Ratings
hide this ad
Replay
Link that replays current quiz
Next Quiz
Link to next quiz in quiz playlist
You Got
0%
They Got
Avg Score
59%
Avg Friend Score
Upgrade to see
Score Distribution
Jump to the score distribution portion of the page
Score
0/22
Timer
10:00
1
Play Today
Year
Best Movie
% Correct
2009
Twilight
91.4%
1998
Titanic
86.1%
2000
The Matrix
84.6%
2001
Gladiator
81.8%
1995
Pulp Fiction
78.8%
2008
Transformers
75.6%
1992
Terminator 2
75.5%
2002
Lord of the Rings: The Fellowship of the Ring
75.5%
2013
The Avengers
74.9%
1997
Scream
71.2%
2006
Wedding Crashers
69.9%
Year
Best Movie
% Correct
2004
The Lord of the Rings: Return of the King
67.5%
1999
There's Something About Mary
67.2%
2003
Lord of the Rings: The Two Towers
66.9%
2012
Twilight Saga: Breaking Dawn Part I
59.4%
2011
Twilight Saga: Eclipse
58.6%
2005
Napoleon Dynamite
54.3%
1996
Se7en
54%
2010
Twilight Saga: New Moon
51.9%
2007
Pirates of the Caribbean: Dead Man's Chest
49.8%
1993
A Few Good Men
31.8%
1994
Menace II Society
7.5%
Quiz Playlist
Details
Report
Send in Message
Add To Playlist
Classic:
Type in answers that appear in a list
Last Updated: Feb 16, 2017
Quiz Scoreboard
CHALLENGE
Sign Up to Join the Scoreboard
Show All
Scores
Hide
Comments
May contain spoilers
Recently Published
NBA Finals Game Top Scorers (2010s)
by flibbidy
Sports
5m
Guess the 'R' Things in 3 Words
by MSUKent
Miscellaneous
3m
Actor to Badly Drawn Movie III
by MoMosMoProblems
Movies
5m
More to Explore
Quiz From the Vault
Featured Blog Post
Where Does Lost Luggage Go?
hide this ad
You Might Also Like...
Tags
MTV
MTV Movie
Notable
Person
Today's Top Quizzes in Movies
Browse Movies
hide this ad
Today's Top Quizzes in Notable
Browse Notable
Top Contributed Quizzes in Movies
1
Pixar Reveal II
2
How Long Is the Movie Title?
3
Pixar Reveal III
4
10 Quentin Tarantino Movies in Order
5
Adjectives in 00s Movies
6
Pixar Reveal IV
7
Movie Stars Gone to the Dogs
8
Adjectives in 10s Movies
9
Pixar Reveal V
10
Adjectives in 90s Movies
Explore More
Trending Topics
NBA
Harry Potter
Marvel
Disney
Anime
Crossword
Kpop
The Office
Country
NFL
Soccer
Puzzle
Song
Pokémon
WWE
hide this ad
More By:
gaw
Quiz
Plays
Rating
Category
Featured
Created
MTV Movie Awards- Best Movie
628
3.75
Movies
Jun 2, 2010
Jessica Alba movies
358
3.67
Movies
Sep 28, 2009
Unique College Nicknames (Clickable)
205
4.00
Sports
Dec 3, 2012
Most Twitter Followers (2018)
23
Just For Fun
Jul 24, 2018
Go to Creator's Profile
Score Distribution
Quiz Creator Spotlight
gaw
Follow
Send a Message
Quizzes Created
-
Created Quiz Play Count
-
More By This Creator
Popular Quizzes Today
1
Find the US States - No Outlines Minefield
2
Find the US States
3
The Countries of the World
4
10 Largest US States in Order
5
Find the Countries of Europe - No Outlines Minefield
6
US States
7
Guess the 'R' Things in 3 Words
8
NBA Finals Game Top Scorers (2010s)
More Movies Quizzes
Harry Potter Films by Wizarding Photos LXVI
Quiz Lab
Trending Quizzes
First Name TV: Leading Men
Match the Book to the Film II
3-Word Movies in 1 Word II
First Name TV: Leading Women Drama
Match the Book to the Film VI
Recently Updated
Women's Final Four Teams by Year
bhenderson79
Presidents Quartet II
eogle
Anything But Clue(do)
eogle
Anything But Oceanian Capitals
eogle
Anything But 7
eogle
Anything But Thing
eogle
Word Ladder: February 29
pecheneg
Song Title Questions
pecheneg
Women's NCAA Tournament #1 Seeds
pecheneg
Celebrity Mug Shots
pecheneg
Trending Topics
Harry Potter
Crossword
Disney
Marvel
Kpop
NBA
Anime
WWE
Soccer
Country
NFL
Puzzle
Song
Pokémon
The Office
Your Account Isn't Verified!
In order to create a playlist on Sporcle, you need to verify the email address you used during registration. Go to your
Sporcle Settings
to finish the process.
Report this User
Report this user for behavior that violates our
Community Guidelines
.
Details:
Send Report
Go to the Sporcle.com Mobile Site →
Comments